All types of emergencys - Statistics

General Stats
  • This quiz has been taken 13 times
  • The average score is 4 of 7
Answer Stats
Answer % Correct
docter
100%
firefider
100%
Police
100%
ambelus
33%
caa
33%
helper
33%
hospilde
0%
No matching quizzes found
Score Distribution
Percent of People with Each Score
Percentile by Number Answered
Your Score History
You have not taken this quiz